Sikh Muslim Itehad Ka Guldasta (Record no. 4615)

MARC details
000 -LEADER
fixed length control field 00560nam a2200241 a 4500
020 ## - INTERNATIONAL STANDARD BOOK NUMBER
ISBN
082 00 - DEWEY DECIMAL CLASSIFICATION NUMBER
Classification number 305.6946097
Author Cutter AHM
100 ## - MAIN ENTRY--AUTHOR NAME
Author name Ahmad, Wasim
245 ## - TITLE STATEMENT
Title Sikh Muslim Itehad Ka Guldasta
260 ## - PUBLICATION, DISTRIBUTION, ETC. (IMPRINT)
Place of publication
Name of publisher
Year of publication 1958
300 ## - PHYSICAL DESCRIPTION
Number of Pages 167p
500 ## - GENERAL NOTE
General note includes index and biblioraphy
505 2# - FORMATTED CONTENTS NOTE
Formatted contents note archives
650 ## - SUBJECT ADDED ENTRY--TOPICAL TERM
Topical Term Islam-Relations Sikhism
942 ## - ADDED ENTRY ELEMENTS (KOHA)
Koha item type Books
700 1# -
-- Ahmad, Wasim
Holdings
Collection code Home library Current library Date acquired Cost, normal purchase price Full call number Accession Number Koha item type
  Henry Martyn Institute Library Henry Martyn Institute Library 03/29/2007 100.00 305.6946097 AHM 06391 Books
                   Copyright © 2026 | Henry Martyn Institute | Hyderabad | TS-500052 | INDIA | Implemented by hmi.edu.in
Hit-Count:

Powered by Koha